Normal view
MARC view
- DIFFERENTIAL EQUATION, PARTIAL, BOUNDARY VALUE PORBLEMS, MATHEMATICA (COMPUTER FILE)
Entry Topical Term
001 - CONTROL NUMBER
- control field: 66621
003 - CONTROL NUMBER IDENTIFIER
- control field: NUST
005 - DATE AND TIME OF LATEST TRANSACTION
- control field: 20210628203627.0
008 - FIXED-LENGTH DATA ELEMENTS
- fixed length control field: 210628|| aca||aabn | a|a d
040 ## - CATALOGING SOURCE
- Original cataloging agency: NUST
- Transcribing agency: NUST
150 ## - HEADING--TOPICAL TERM
- Topical term or geographic name entry element: DIFFERENTIAL EQUATION, PARTIAL, BOUNDARY VALUE PORBLEMS, MATHEMATICA (COMPUTER FILE)
670 ## - SOURCE DATA FOUND
- Source citation: Work cat.: (NUST): Kythe, Prem K:Puri, Pratap:Schaferkotter, Michael R 66620, Partial differential equations and boundary value problems with mathematica, 2002
